Horror Movie Franchises #13: Paranormal Activity - Statistics

General Stats
  • This quiz has been taken 29 times
  • The average score is 6 of 7
Answer Stats
Movie % Correct
Paranormal Activity
100%
Paranormal Activity 2
96%
Paranormal Activity 3
96%
Paranormal Activity 4
96%
Paranormal Activity: The Ghost Dimension
65%
Paranormal Activity: The Marked Ones
61%
Paranormal Activity: Next of Kin
57%
No matching quizzes found
Score Distribution
Percent of People with Each Score
Percentile by Number Answered
Your Score History
You have not taken this quiz